LEADER 01153nam--2200361---45-- 001 990000480680203316 010 $a3-540-42130-0 035 $a0048068 035 $aUSA010048068 035 $a(ALEPH)000048068USA01 035 $a0048068 100 $a20010530d2001----km-y0ITAy0103-------ba 101 0 $aENG 102 $aDE 200 1 $aWeb Engineering$emanaging diversity and complexity of web application development$fSan Murugesan 210 $aBerlin [etc.]$cSpringer-Verlag$dcopyr. 2001 215 $aIX, 355 p.$cill.$d20 cm 225 $aLecture notes in computer science$v2016 410 $12001$aLecture notes in computer science$v2016 610 1 $aWorld Wide Web (sistema di recupero delle informazioni) 610 1 $aSofware$aSviluppo 676 $a005.72 702 1$aMurugesan,$bSan 801 0$aITA$bCBS$gISBD 912 $a990000480680203316 951 $a001 LNCS (2016)$b0026422 CBS$c001$d00104804 959 $aBK 969 $aSCI 979 $aALANDI$b90$c20010530$lUSA01$h0950 979 $c20020403$lUSA01$h1656 979 $aPATRY$b90$c20040406$lUSA01$h1633 996 $aWeb Engineering$9772638 997 $aUNISA LEADER 02446oam 2200673K 450 001 9910973009503321 005 20251117070030.0 010 $a0-429-92068-7 010 $a0-429-90645-5 010 $a0-429-48168-3 010 $a1-283-12511-0 010 $a9786613125118 010 $a1-84940-209-4 035 $a(CKB)2670000000093429 035 $a(EBL)712324 035 $a(OCoLC)729167073 035 $a(SSID)ssj0000522456 035 $a(PQKBManifestationID)12222534 035 $a(PQKBTitleCode)TC0000522456 035 $a(PQKBWorkID)10538661 035 $a(PQKB)11008526 035 $a(MiAaPQ)EBC712324 035 $a(Au-PeEL)EBL712324 035 $a(CaPaEBR)ebr10477704 035 $a(CaONFJC)MIL312511 035 $a(OCoLC)1103440982 035 $a(OCoLC-P)1103440982 035 $a(FlBoTFG)9780429481680 035 $a(EXLCZ)992670000000093429 100 $a20190604d2019 uy 0 101 0 $aeng 135 $aurcnu|||unuuu 181 $ctxt 182 $cc 183 $acr 200 14$aThe evolution of the emotion-processing mind /$fRobert Langs ; foreword by James O. Raney ; introduction by David Smith 205 $a1st ed. 210 1$aAbingdon, Oxon :$cRoutledge,$d2019. 215 $a1 online resource (247 p.) 300 $a"First published 1996 by H. Karnac (Books) Ltd." 311 08$a1-85575-124-0 320 $aIncludes bibliographical references and index. 327 $apt. 1. Darwin and Freud -- pt. 2. Some biological principles for psychoanalysis -- pt. 3. Evolutionary scenarios for the emotion-processing mind -- pt. 4. The emotion-processing mind as a Darwin machine. 330 $aIn attempting to unify psychoanalytic and evolutionary theories, Langs offers a concise account of the most current versions of Darwinian and neo-Darwinian theory. He then develops the argument that the emotion processing mind is an organ of adaptation that has evolved by natural selection. 606 $aPsychoanalysis and evolution 606 $aEmotions 606 $aGenetic psychology 615 0$aPsychoanalysis and evolution. 615 0$aEmotions. 615 0$aGenetic psychology. 676 $a150.19/5 676 $a152.4 700 $aLangs$b Robert$f1928-$0181441 801 0$bOCoLC-P 801 1$bOCoLC-P 906 $aBOOK 912 $a9910973009503321 996 $aThe evolution of the emotion-processing mind$94492416 997 $aUNINA